ព្រះបាទជ័យវរ្ម័នទី ៧ / (Record no. 1498)

MARC details
000 -LEADER
fixed length control field 02116nam a22002897a 4500
005 - DATE AND TIME OF LATEST TRANSACTION
control field 20250530110133.0
020 ## - INTERNATIONAL STANDARD BOOK NUMBER
International Standard Book Number 9789996305467
040 ## - CATALOGING SOURCE
Original cataloging agency FISKH
Language of cataloging eng
Transcribing agency FISKH
Modifying agency FISKH
082 ## - DEWEY DECIMAL CLASSIFICATION NUMBER
Classification number 959.6042092
100 ## - MAIN ENTRY--PERSONAL NAME
Personal name Hedwige Multzer o'Naghten
245 ## - TITLE STATEMENT
Title ព្រះបាទជ័យវរ្ម័នទី ៧ /
Statement of responsibility, etc. និពន្ធដោយ Hedwige Multzer o'Naghten - រូបភាពដោយ ឃុន សុវណ្ណរិទ្ធ និង អ៊ុក រដ្ឋា
250 ## - EDITION STATEMENT
Edition statement បោះពុម្ពលើកទី ៥ ធ្នូ ២០២២
260 ## - PUBLICATION, DISTRIBUTION, ETC.
Place of publication, distribution, etc. Phnom Penh :
Name of publisher, distributor, etc. Sipar,
Date of publication, distribution, etc. 2022.
300 ## - PHYSICAL DESCRIPTION
Extent 44 pages :
Other physical details map ; color illustrations ;
Dimensions 20 cm
490 ## - SERIES STATEMENT
Series statement ខ្ញុំចង់ដឹងជីវិតរបស់
505 ## - FORMATTED CONTENTS NOTE
Formatted contents note Z' <br/>
520 ## - SUMMARY, ETC.
Summary, etc. ក្នុងវ័យជា៥០ព្រះវស្សា ព្រះបាទជ័យវរ្ម័នទី​៧ បានកម្ចាត់ពួកចាមឈ្លានពានពីកុ្រងអង្គរ ហើយឡើងសោយរាជ្យដោយមានការគាំទ្រពីប្រជារាស្រ្ត និងនាម៉ឺនសព្វមុខមន្រ្តី។ ព្រះអង្គជាវីរក្សត្រមួយអង្គដែលបានបន្សល់ទុកទំព័ររុងរឿង ថ្កុំថ្កើងបំផុតនៃប្រវត្តសាស្ត្រខ្មែរ។
520 ## - SUMMARY, ETC.
Summary, etc. At the age of 50, Jayavarman VII defeated the invading Chams from Angkor and ascended the throne with the support of the people and the nobles. He was one of the heroes who left the most glorious pages of Khmer history.
521 ## - TARGET AUDIENCE NOTE
Target audience note 1000 <br/>
Source Lexile estimate <br/>
521 ## - TARGET AUDIENCE NOTE
Target audience note Z' <br/>
Source Raz-Plus <br/>
650 ## - SUBJECT ADDED ENTRY--TOPICAL TERM
Topical term or geographic name entry element សោយរាជ្យ
Form subdivision រុងរឿង
General subdivision គាំទ្រ
Chronological subdivision កម្ចាត់
650 ## - SUBJECT ADDED ENTRY--TOPICAL TERM
Topical term or geographic name entry element Ascended the throne
Form subdivision Glorious
General subdivision Support
Chronological subdivision Defeated
700 ## - ADDED ENTRY--PERSONAL NAME
Personal name Sovannrith, Khun
Titles and other words associated with a name illustrator
700 ## - ADDED ENTRY--PERSONAL NAME
Personal name Rotha, Ouk
Titles and other words associated with a name illustrator
942 ## - ADDED ENTRY ELEMENTS (KOHA)
Source of classification or shelving scheme Dewey Decimal Classification
Koha item type Books
Suppress in OPAC No
999 ## -
-- 1498
-- 1498
Holdings
Withdrawn status Lost status Source of classification or shelving scheme Damaged status Not for loan Collection Home library Current library Shelving location Date acquired Total Checkouts Full call number Barcode Date last seen Date last checked out Copy number Price effective from Koha item type
    Dewey Decimal Classification     Khmer Non-Fiction / សៀវភៅខ្មែរ រឿងពិត Footprints International School Library Network Toul Kork Campus Footprints International School Library Network Toul Kork Campus   08/30/2023 2 HED 959.6042092 2023-0406 09/29/2025 06/30/2025 1 08/30/2023 Books
    Dewey Decimal Classification     Khmer Non-Fiction / សៀវភៅខ្មែរ រឿងពិត Footprints International School Library Network Toul Kork Campus Footprints International School Library Network Toul Kork Campus   08/30/2023   HED 959.6042092 2023-0407 08/30/2023   2 08/30/2023 Books
    Dewey Decimal Classification     Khmer Non-Fiction / សៀវភៅខ្មែរ រឿងពិត Footprints International School Library Network Toul Kork Campus Footprints International School Library Network Toul Kork Campus   08/30/2023   HED 959.6042092 FISTK05102 10/10/2023   3 08/30/2023 Books
    Dewey Decimal Classification     Khmer Non-Fiction / សៀវភៅខ្មែរ រឿងពិត Footprints International School Library Network Toul Tom Poung Campus Footprints International School Library Network Toul Kork Campus TTP Secondary Khmer Bookshelves 08/30/2023 1 HED 959.6042092 FIS01543 12/01/2025 11/10/2025 4 08/30/2023 Books
    Dewey Decimal Classification     Khmer Non-Fiction / សៀវភៅខ្មែរ រឿងពិត Footprints International School Library Network Toul Tom Poung Campus Footprints International School Library Network Toul Tom Poung Campus TTP Primary Khmer Bookshelves 04/01/2025   HED 959.6042092 FISSE02111 04/01/2025   5 04/01/2025 Books
    Dewey Decimal Classification     Khmer Non-Fiction / សៀវភៅខ្មែរ រឿងពិត Footprints International School Library Network Toul Tom Poung Campus Footprints International School Library Network Toul Tom Poung Campus TTP Secondary Khmer Bookshelves 04/01/2025   HED 959.6042092 FIS05149 04/01/2025   6 04/01/2025 Books
    Dewey Decimal Classification     Khmer Non-Fiction / សៀវភៅខ្មែរ រឿងពិត Footprints International School Library Network Toul Tom Poung Campus Footprints International School Library Network Toul Tom Poung Campus TTP Primary Khmer Bookshelves 04/01/2025   HED 959.6042092 FISSE02142 04/01/2025   7 04/01/2025 Books
    Dewey Decimal Classification     Khmer Non-Fiction / សៀវភៅខ្មែរ រឿងពិត Footprints International School Library Network Toul Tom Poung Campus Footprints International School Library Network Toul Tom Poung Campus TTP Secondary Khmer Bookshelves 08/13/2025   HED 959.6042092 2025-4083 08/13/2025   8 08/13/2025 Books